000 00556nam a22001937a 4500
003 0
005 20240925144432.0
008 240925b xxu||||| |||| 00| 0 eng d
020 _a9788119920051
050 _aB 132
_b.G74 2024
100 _aGrey, Janus,
_eauthor.
245 _aPhilosophy of science and religion /
_cJanus Grey.
250 _a1st ed.
260 _aNew Delhi :
_bVenus Books,
_c2024.
300 _avii, 264 p. ;
_c25 cm.
504 _aIncludes bibliographical references and index.
650 _aReligion
_xphilosophy.
942 _2lcc
_cBK
999 _c366396
_d366396